Il catechismo. Lettera pastorale al clero e al popolo dell' Arcidiocesi di Chieti e della chiesa cattedrale di Vasto.

Saved in:
Bibliographic Details
Main Author: Cocchia, Rocco
Format: Book
Language:Italian
Published: Chieti tip. Ricci 1890
Textbook Catalogue:EDISCO:  Library Catalog Search Result
Textbook Classification:
Subjects:
Tags: Add Tag
No Tags, Be the first to tag this record!
Added to:2016-04-30
Changed in:2017-10-18

MARC

LEADER 00000aam a22000007 4500
001 00036
003 OSt
005 20171018092540.0
008 160501s1890 it 000 0 ita
040 |c Antonio Parlati - L'Acquila 
041 1 |a ita 
100 1 |a Cocchia, Rocco  |9 52 
245 0 0 |a Il catechismo. Lettera pastorale al clero e al popolo dell' Arcidiocesi di Chieti e della chiesa cattedrale di Vasto. 
260 |a Chieti  |b tip. Ricci  |c 1890 
300 |a , 1/1 ;   |c in 8° 
901 |a 7 
650 4 |a Religione  |9 18 
655 |a Catechismo  |9 18 
942 |2 ddc  |c BK 
546 |a ita 
999 |c 37  |d 37 
999 |c edisco:37  |d 37